LEADER 01394nam 2200457 450 001 9910480455403321 005 20211005193742.0 010 $a84-9148-447-7 035 $a(CKB)3840000000348948 035 $a(MiAaPQ)EBC5349637 035 $a(MiAaPQ)EBC6522150 035 $a(Au-PeEL)EBL6522150 035 $a(OCoLC)1246575005 035 $a(EXLCZ)993840000000348948 100 $a20180622d2017 uy 0 101 0 $aspa 135 $aurcnu|||||||| 181 $2rdacontent 182 $2rdamedia 183 $2rdacarrier 200 00$aFilologi?a, comunicacio?n y otros estudios $eLiber Amicorum en homenaje a Ramo?n Sarmiento Gonza?lez /$fJose? Ramo?n Sarmiento Guede, Fernando Vilches Vivanco (coordinadores) 210 1$aMadrid :$cDykinson,$d2017. 215 $a1 online resource (346 pa?ginas) $cilustraciones 311 $a84-9148-313-6 606 $aLinguistics 606 $aCommunication 606 $aLingui?stica 606 $aComunicacio?n 608 $aLibros electronicos. 615 0$aLinguistics. 615 0$aCommunication. 615 4$aLingui?stica. 615 4$aComunicacio?n. 676 $a410 702 $aSarmiento Guede$b Jose? Ramo?n 801 0$bFINmELB 801 1$bFINmELB 906 $aBOOK 912 $a9910480455403321 996 $aFilologi?a, comunicacio?n y otros estudios$91891771 997 $aUNINA